Statistics for Songs with Animals in the Title #1

Click here to take the quiz!

General Stats

  • This quiz has been taken 115,404 times
    (94,823 since last reset)
  • The average score is 14 of 20

Answer Stats

Musical ActSong% Correct
SurvivorEye Of The {Tiger}
97%
Baha MenWho Let The {Dogs} Out
97%
Steve Miller BandFly Like An {Eagle}
94%
TraditionalMary Had A Little {Lamb}
92%
The TokensThe {Lion} Sleeps Tonight
91%
TraditionalRudolph, the Red-Nosed {Reindeer}
89%
TraditionalThree Blind {Mice}
84%
Ted Nugent{Cat} Scratch Fever
78%
Duran DuranHungry Like The {Wolf}
75%
AmericaA {Horse} With No Name
69%
Culture ClubKarma {Chameleon}
61%
TraditionalHow Much Is That {Doggie}
In The Window?
60%
Beastie BoysBrass {Monkey}
56%
PrinceWhen {Doves} Cry
56%
The BeatlesI Am The {Walrus}
55%
Elton John{Crocodile} Rock
54%
The TrashmenSurfin' {Bird}
54%
Bob Marley{Buffalo} Soldier
53%
Black SabbathWar {Pigs}
43%
The BeatlesRocky {Raccoon}
28%

Score Distribution

Percentile by Number Answered

Percent of People with Each Score

Your Score History

You have not taken this quiz since the last reset